000 00428nam a2200157Ia 4500
008 230312s9999||||xx |||||||||||||| ||und||
020 _a0-07-118872-X
082 _a332.024
_bKAP
100 _aKapoor,Jack R.
245 0 _aPersonal Finance
260 _bMcGraw Hill
_aNew York
_c2001
300 _a678
546 _aEng.
650 _aEconomics
_vPlanning your Personal Finances , Controlling your Financial Future
942 _cBK
999 _c2315
_d2315